Bilecik Bilecik Bilecik Bilecik Bilecik

Bilim din ve felsefe tarihinde Harran okulu Sempozyumu, Şanlıurfa, 28-30 Nisan 2006/ (Record no. 14969)

MARC details
000 -BAŞLIK
Sabit Uzunluktaki Kontrol Alanı 01177nam a22003377a 4500
001 - KONTROL NUMARASI
Control Dosyası 0015006
003 - KONTROL NUMARASI KİMLİĞİ
Kontrol Alanı KOHA_MİRAKIL
005 - EN SON İŞLEM TARİHİ ve ZAMANI
Kontrol Alanı 20260207002013.0
007 - FİZİKSEL TANIM SABİT ALAN - GENEL BİLGİ
Sabit uzunluklu kontrol alanı ta
008 - SABİT UZUNLUKTAKİ VERİ ÖGELERİ - GENEL BİLGİ
Sabit Alan 100311b2006 tu |||gro|||#1|||0|tur |
020 ## - ISBN - ULUSLARARASI STANDART KİTAP NUMARASI
Isbn 9757113255
Nitelik bilgileri (1. cilt)
020 ## - ISBN - ULUSLARARASI STANDART KİTAP NUMARASI
Isbn 9757113247
Nitelik bilgileri (tk)
Kullanılabilirlik koşulları 0,01
040 ## - KATALOGLAMA KAYNAĞI
Özgün Kataloglama Kurumu TR-BiSEU
Kataloglama Dili tur
Çeviri Kurumu TR-BiSEU
Açıklama Kuralları rda
041 0# - DİL KODU
Metin ya da ses kaydının dil kodu tur
044 ## - YAYINLAYAN/ÜRETEN KURULUŞUN ÜLKE KODU
ISO country code tu
050 ## - SINIFLAMA ve YER NUMARASI
Sınıflama Numarası DS51
Yer Numarası .B55 2006
111 2# - TOPLANTI ADI
Toplantı Adı Uluslararası Katılımlı Bilim Din ve Felsefe Tarihinde Harran Okulu Sempozyumu (1.: Şanlıurfa: 2006)
9 (RLIN) 34244
245 1# - ESER ADI BİLDİRİMİ
Başlık Bilim din ve felsefe tarihinde Harran okulu Sempozyumu, Şanlıurfa, 28-30 Nisan 2006/
Sorumluluk Bildirimi editör Ali Bakkal.
264 #1 - ÜRERİM, YAYIN, DAĞITIM ve TELİF BİLDİRİMİ
Yayın yeri Şanlıurfa :
Yayınlayan Harran Üniversitesi İlahiyat fakültesi
Yayın tarihi 2006
300 ## - FİZİKSEL TANIMLAMA
Sayfa, Cilt vb. 447 sayfa; 24 cm.
336 ## - İÇERİK TÜRÜ
Content type term metin
Content type code txt
Source rdacontent
337 ## - MEDYA TÜRÜ
Media type term aracısız
Media type code n
Source rdamedia
338 ## - TAŞIYICI TÜRÜ
Carrier type term cilt
Carrier type code nc
Source rdacarrier
500 ## - GENEL NOT
Genel Not Kaynakça var.
650 #0 - KONU BAŞLIĞI EK GİRİŞ - KONU TERİMİ
Konusal terim veya coğrafi ad Harran (Turkey)--History.
9 (RLIN) 34245
650 #0 - KONU BAŞLIĞI EK GİRİŞ - KONU TERİMİ
Konusal terim veya coğrafi ad Harran (Turkey)--Intellectual life--History.
9 (RLIN) 34246
650 #0 - KONU BAŞLIĞI EK GİRİŞ - KONU TERİMİ
Konusal terim veya coğrafi ad Harran (Turkey)--Civilization.
9 (RLIN) 34247
650 #0 - KONU BAŞLIĞI EK GİRİŞ - KONU TERİMİ
Konusal terim veya coğrafi ad Harran (Turkey)--Biography.
9 (RLIN) 34248
907 ## - LOCAL DATA ELEMENT G, LDG (RLIN)
a Sempozyum
942 ## - EK GİRİŞ ÖGELERİ (KOHA)
Source of classification or shelving scheme Library of Congress Classification
Koha item type Book
Holdings
Materyal Türü Kalıcı Konum Mevcut Konum Raf Yeri Sınıflandırma Kaynağı Edinim Bilgisi Ana Konular Alt Konular Yer Numarası Cilt Bilgisi Demirbaş Numarası Fatura Tarihi Geri Çekilme Durumu Kayıp Durumu Hasarlı Durumu Kredi için değil Kayıt Tarih Toplam Ödünçverme Son Görülme Tarihi Son Kontrol Tarihi Genel / Bağış Notu
Book Prof. Dr. Azmi Özcan Kütüphanesi Prof. Dr. Azmi Özcan Kütüphanesi Uluğbey Salonu Library of Congress Classification Bağış DÜNYA TARİHİ (AVRUPA, ASYA, AFRİKA VB.) Asya DS51 .B55 2006 c.1 0015006 13/08/2010         11/03/2010 1 05/12/2024 05/12/2024 Genel Bağış